Statistiques concernant Les 50 plus grandes villes de Belgique

Cliquez ici pour prendre le quiz!

Statistiques générales

  • Ce quiz a été pris 210 fois
  • Le résultat moyen est 20 sur 50

Statistiques - réponses

HabitantsRéponse% Correct
1 019 022Bruxelles
100%
459 805Anvers
96%
78 747Deurne (Anvers)
96%
34 443Hoboken (Anvers)
96%
182 597Liège
96%
200 132Charleroi
93%
231 493Gand
91%
116 709Bruges
86%
106 284Namur
85%
91 277Mons
77%
69 011Ostende
75%
92 892Louvain
73%
67 721Tournai
62%
69 222Hasselt
59%
73 879Courtrai
55%
77 530Malines
54%
63 666Genk
51%
76 668La Louvière
51%
32 112Wavre
48%
52 069Mouscron
43%
52 824Verviers
40%
69 010Saint-Nicolas
37%
32 659Mol
35%
60 737Seraing
34%
77 534Alost
33%
35 089Ypres
31%
35 896Waregem
25%
56 016Roulers
23%
32 030Binche
22%
37 859Saint-Trond
19%
39 654Turnhout
19%
45 179Beveren
18%
37 512Braine-l'Alleud
18%
37 567Lokeren
18%
34 479Halle
15%
36 503Herstal
14%
33 272Lier
14%
36 955Vilvorde
14%
34 697Geel
10%
36 251Maasmechelen
10%
34 795Ninove
10%
35 238Châtelet
9%
43 055Termonde
8%
40 930Beringen
7%
39 482Dilbeek
7%
33 561Grimbergen
7%
33 781Knokke-Heist
6%
37 040Brasschaat
3%
37 873Heist-op-den-Berg
2%
33 622Schoten
2%

Distribution des résultats

Percentile par nombre de réponses

% des personnes avec chaque résultat

Votre développement - résultats

Vous n’avez pas pris ce quiz